ballon d'or: classement - Statistiques

Statistiques générales
  • Ce quiz a été pris 179 fois
  • Le résultat moyen est 3 sur 15
Statistiques - réponses
Hint Réponse % Correct
2 ème Cristiano Ronaldo
75%
1er Lionel Messi
61%
3 ème Michel Platini
28%
10 ème Alfredo Di Stéfano
18%
5 ème Johan Cruyff
18%
4 ème Marco van Basten
13%
15 ème Luka Modrić
10%
6 ème Franz Beckenbauer
9%
7 ème Ronaldo Nazário
8%
9 ème Karl-Heinz Rummenigge
5%
14 ème Ronaldinho
5%
13 ème Zinedine Zidane
5%
12 ème George Best
3%
8 ème Kevin Keegan
3%
11 ème Lev Yachine
3%
Aucun quiz correspondant
Distribution des résultats
% des personnes avec chaque résultat
Percentile par nombre de réponses
Votre historique - résultats
Vous n’avez pas pris ce quiz